书目信息 |
| 题名: |
科学的科学
|
|
| 作者: | 戈德史密斯 , Goldsmith , 马凯 , Mackey 主编 ;赵红州 , 蒋国华 译 | |
| 分册: | ||
| 出版信息: | 北京 科学出版社 1985 |
|
| 页数: | 290页 | |
| 开本: | 19cm | |
| 丛书名: | ||
| 单 册: | ||
| 中图分类: | G301 , G30 | |
| 科图分类: | ||
| 主题词: | 科学学 , 科学研究--理论 | |
| 电子资源: | ||
| ISBN: | ||
| 000 | 01149nam0 2200373 45 | |
| 001 | 0185003166 | |
| 005 | 20040505162130.5 | |
| 010 | @b平装@dCNY2.70 | |
| 091 | @aCN@b13031.2895 | |
| 100 | @a19900816d1985 kemy0chiy0121 ea | |
| 101 | 1 | @achi@ceng |
| 102 | @aCN@b110000 | |
| 105 | @af z 000yy | |
| 106 | @ar | |
| 200 | 10 | @a科学的科学@Ake xue de ke xue@e技术时代的社会@f(英)戈德史密斯(Goldsmith,M.), (英)马凯(Mackey,A.L.)主编@g赵红州, 蒋国华译 |
| 210 | @a北京@c科学出版社@d1985 | |
| 215 | @a290页@c照片@d19cm | |
| 300 | @a书名原文: The science of science. | |
| 300 | @a根据1964年英文版译出 | |
| 510 | 1 | @aThe science of science@zeng |
| 517 | 1 | @a技术时代的社会@Aji shu shi dai de she hui |
| 606 | @a科学学 | |
| 606 | 0 | @a科学研究@x理论 |
| 690 | @aG301@v3 | |
| 690 | @aG30 | |
| 701 | 1 | @a戈德史密斯@Age de shi mi si@bM.@4主编 |
| 701 | A1 | @aGoldsmith@bM.@4主编 |
| 701 | 1 | @a马凯@Ama kai@bA.L.@4主编 |
| 701 | A1 | @aMackey@bA.L.@4主编 |
| 702 | 0 | @a赵红州@Azhao hong zhou@4译 |
| 702 | 0 | @a蒋国华@Ajiang guo hua@4译 |
| 801 | 0 | @aCN@b深圳图书馆@c20040505 |
| 801 | 2 | @aCN@bNLC@c20040505 |
| 905 | @f1@b141827@dG30@e19 | |
| 科学的科学:技术时代的社会/(英)戈德史密斯(Goldsmith,M.), (英)马凯(Mackey,A.L.)主编/赵红州, 蒋国华译.-北京:科学出版社,1985 |
| 290页:照片;19cm |
| 书名原文: The science of science.-根据1964年英文版译出 |
| ISBN (平装):CNY2.70 |
| ● |
| 相关链接 |
|
|
|
|
正题名:科学的科学
索取号:G30/19
 
预约/预借
| 序号 | 登录号 | 条形码 | 馆藏地/架位号 | 状态 | 备注 |
| 1 | 0141827 | 000988596 | 密集书库/ [索取号:G30/19] | 在馆 | |
| 2 | 0141829 | 002059649 | 第一样本阅览室/ [索取号:G30/19] | 在馆 |